000 00382nam a2200145Ia 4500
008 220216s9999 xx 000 0 und d
100 _aMathew K J
245 0 _aChallenges before the NR industry: An Indian approach
260 _bPlanters Chronicle
_c2000
300 _a107-118
650 _aIndian Economy
650 _aNR industry
650 _aRubber production
942 _cJS
999 _c55287
_d55287